书目信息 |
| 题名: |
革命
|
|
| 作者: | 中野实 著 ;于小薇 译 | |
| 分册: | ||
| 出版信息: | 北京 经济日报出版社 1991.4 |
|
| 页数: | 206,28页 | |
| 开本: | 20cm | |
| 丛书名: | 现代政治学丛书 | |
| 单 册: | ||
| 中图分类: | D0 | |
| 科图分类: | ||
| 主题词: | 政治理论 | |
| 电子资源: | ||
| ISBN: | 7-80036-373-2 | |
| 000 | 00820nam2 2200277 45 | |
| 001 | 0192002746 | |
| 005 | 20050602083138.9 | |
| 010 | @a7-80036-373-2@dCNY4.50 | |
| 020 | @aCN@b92002746 | |
| 092 | @a社科277-027 | |
| 100 | @a19920623d1991 kemy0chiy0121 ea | |
| 101 | 1 | @achi@cjpn |
| 102 | @aCN@b110000 | |
| 105 | @ay z 000yy | |
| 200 | 10 | @a革命@Age ming@e宏观政治学@Ehong guan zheng zhi xue@f(日)中野实著@F(ri)zhong ye shi zhu@g于小薇译 |
| 210 | @a北京@c经济日报出版社@d1991.4 | |
| 215 | @a206,28页@d20cm | |
| 225 | 2 | @a现代政治学丛书@v4@f(日)猪口孝主编 |
| 410 | 0 | @120010@a现代政治学丛书 |
| 410 | @1700 0@a猪口孝@AZhu Kou Xiao@4主编 | |
| 606 | 0 | @a政治理论 |
| 690 | @aD0@v3 | |
| 701 | 0 | @a中野实@4著 |
| 702 | 0 | @a于小薇@Ayu xiao wei@4译 |
| 801 | 0 | @aCN@bNLC@c19920623 |
| 905 | @dD0@e78:4@f1@b251194 | |
| 革命:宏观政治学/(日)中野实著/于小薇译.-北京:经济日报出版社,1991.4 |
| 206,28页;20cm.-(现代政治学丛书;4/(日)猪口孝主编) |
| ISBN 7-80036-373-2:CNY4.50 |
| ● |
| 相关链接 |
|
|
|
|
正题名:革命
索取号:D0/78:4
 
预约/预借
| 序号 | 登录号 | 条形码 | 馆藏地/架位号 | 状态 | 备注 |
| 1 | 0251190 | 001021441 | 密集书库/ [索取号:D0/78:4] | 在馆 | |
| 2 | 0251191 | 001021450 | 密集书库/ [索取号:D0/78:4] | 在馆 | |
| 3 | 0251192 | 001021469 | 密集书库/ [索取号:D0/78:4] | 在馆 | |
| 4 | 0251193 | 001021478 | 密集书库/ [索取号:D0/78:4] | 在馆 | |
| 5 | 0251194 | 001021511 | 第一样本阅览室/ [索取号:D0/78:4] | 在馆 |